| 000 | 00876nam0a2200289 4500 | ||
|---|---|---|---|
| 001 | RU\NLR\bibl\24100 | ||
| 005 | 20260405143805.0 | ||
| 010 |
_a5-04-001071-0 _920000 |
||
| 021 |
_aRU _b98-23675 _91122 |
||
| 035 | _a(NLR Aleph) 000023485 | ||
| 090 |
_a110921 _c110921 |
||
| 100 | _a19990422d1998 |||y0rusy50 ca | ||
| 101 | 0 | _arus | |
| 102 | _aRU | ||
| 105 | _ay z 0|||| | ||
| 200 | 1 |
_aНеуязвимый _e[Повести] _fГригорий Сибиряков |
|
| 210 |
_aМ. _cЭКСМО-Пресс _d1998 |
||
| 215 |
_a397 с. _d17 |
||
| 686 | _aШ6(2=Р)75-446 | ||
| 700 | 1 |
_4070 _8rus _7ca _aКроних _bГ. А. _f1966- _gГригорий Андреевич _3RU\NLR\AUTH\7759485 _942416 |
|
| 801 | 0 |
_aRU _bNLR _c19990422 _gPSBO |
|
| 801 | 1 |
_aRU _bNLR _c19990422 |
|
| 852 |
_aNLR _j98-2/1570 |
||
| 942 | _cBOOK | ||
| 980 | _aNB | ||